000 01784cam0 2200385 ib4500
001 BY-MI0015-br567214
005 20260316170650.0
010 ^a978-5-8138-1243-9
035 ^a(BY-MI0015)BY-MI0015-br567214
100 ^a20201112d2017 bc y0rusy50 ca
101 0 ^arus
102 ^aRU
105 ^aa z 000zy
109 ^ama
200 1 ^aАзбука хороших манер
^eстихи и сказки
^e[для чтения взрослыми детям
^eдля самостоятельного чтения рекомендуется с 7 лет]
^fТатьяна Комзалова
^gхудожник А. Михайлова
210 ^aСмоленск
^cРусич
^d2017
215 ^a45, [3] с.
^cил.
^d22 см
225 1 ^aУчись, малыш!
333 ^a0+
345 ^93000 экз.
608 ^aЛІТАРАТУРНАЯ КАЗКА
^3BY-NLB-ar16441
^2BYGNR
608 ^aЛИТЕРАТУРНАЯ СКАЗКА
^3BY-NLB-ar16440
^2BYGNR
608 ^aВЕРШ
^3BY-NLB-ar32088
^2BYGNR
608 ^aСТИХОТВОРЕНИЕ
^3BY-NLB-ar32087
^2BYGNR
608 ^aДЗІЦЯЧАЯ І ЮНАЦКАЯ ЛІТАРАТУРА (мастацкі твор)
^3BY-NLB-ar9020
^2BYGNR
608 ^aДЕТСКАЯ И ЮНОШЕСКАЯ ЛИТЕРАТУРА (художеств. произведение)
^3BY-NLB-ar9019
^2BYGNR
686 ^a84(2Рос)6
^2rubbk
690 ^a1
^2Base
^9BY-MI0015
^xRSEK
700 1 ^aКомзалова
^bТ. А.
^gТатьяна Александровна
^cпедагог
^cписательница
^3BY-SEK-227980
702 1 ^aМихайлова
^bА.
^3BY-SEK-ar10685132
^4040
801 0 ^aBY
^bBY-MI0015
^c20201112
^gRCR
899 0 ^aBY-MI0015
^iК63
^h84(2Рос)6